000 00411nam a2200157Ia 4500
008 240729s9999 xx 000 0 und d
022 _a1471-2393
245 0 _aBMC Pregnancy and Childbirth
260 _aUnited Kingdom
260 _bBMC
650 _a Gynecology and obstetrics
650 _aMedicine
856 _uhttps://doaj.org/toc/d21baa69a4cb4d13b687a2a713d39ef6
942 _2ddc
942 _cDOAJEJ
999 _c74226
_d74226
945 _a1
_bMadushi Gamage
_c1
_dMadushi Gamage